LIBRARY ONLINE CATALOGUE

Mandela, Mobutu and me : (Record no. 11845)

MARC details
000 -LEADER
fixed length control field 00846cam a22002652 4500
001 - CONTROL NUMBER
control field 0000001546
005 - DATE AND TIME OF LATEST TRANSACTION
control field 20151217155201.0
008 - FIXED-LENGTH DATA ELEMENTS--GENERAL INFORMATION
fixed length control field 070315s xx 000 0 eng d
020 ## - INTERNATIONAL STANDARD BOOK NUMBER
International Standard Book Number 0767910346 :
040 ## - CATALOGING SOURCE
Original cataloging agency KABU
Transcribing agency KABU
050 #0 - LIBRARY OF CONGRESS CALL NUMBER
Classification number DT1974
Item number .D85
100 1# - MAIN ENTRY--PERSONAL NAME
Personal name Duke, Lynne.
-- 0000159516
245 10 - TITLE STATEMENT
Title Mandela, Mobutu and me :
Remainder of title a newswoman's African journey. /
Statement of responsibility, etc. Lynne Duke.
250 ## - EDITION STATEMENT
Edition statement ed.
260 ## - PUBLICATION, DISTRIBUTION, ETC. (IMPRINT)
Place of publication, distribution, etc. New York :
Name of publisher, distributor, etc. Harlem Moon,
Date of publication, distribution, etc. 2003.
300 ## - PHYSICAL DESCRIPTION
Extent x, 294 p.
651 #0 - SUBJECT ADDED ENTRY--GEOGRAPHIC NAME
Geographic name South Africa
General subdivision Politics and government.
-- 0000159517
651 #0 - SUBJECT ADDED ENTRY--GEOGRAPHIC NAME
Geographic name Congo (Democratic Republic)
General subdivision Politics and government.
-- 0000159518
700 1# - ADDED ENTRY--PERSONAL NAME
Personal name Mandela, Nelson.
-- 0000148774
700 1# - ADDED ENTRY--PERSONAL NAME
Personal name Mobutu Seseseko.
-- 0000159519
700 1# - ADDED ENTRY--PERSONAL NAME
Personal name Duke, Lynne.
-- 0000159516
908 ## - PUT COMMAND PARAMETER (RLIN)
Put command parameter 070315
950 ## - LOCAL HOLDINGS (RLIN)
-- 1
Holdings
Withdrawn status Lost status Source of classification or shelving scheme Not for loan Home library Current library Date acquired Total Checkouts Full call number Barcode Date last seen Date last checked out Price effective from Koha item type
    Library of Congress Classification   Kabarak, Main Campus Kabarak, Main Campus 17/12/2015 3 DT1974 .D85 c. 2 012184 31/10/2016 03/10/2016 17/12/2015 General Collection
    Library of Congress Classification   Kabarak, Main Campus Kabarak, Main Campus 17/12/2015 5 DT1974 .D85 c. 1 001842 10/11/2025 16/10/2025 17/12/2015 Africana Collection